MARC

LEADER 00000nam0a2200000 4500
001 316602
005 20231102002906.0
035 |a (RuTPU)RU\TPU\book\342053 
090 |a 316602 
100 |a 20160324d1953 km y0rusy50 ca 
101 0 |a rus 
102 |a UZ 
105 |a a z 001zy 
200 1 |a Теория и методы расчета электрических систем (стационарные режимы)  |f Х. Ф. Фазылов  |g Академия наук Узбекской ССР (АН УзССР), Институт энергетики 
210 |a Ташкент  |c Изд-во АН УзССР  |d 1953 
215 |a 176 с.  |c ил. 
320 |a Библиогр.: с. 172-173 
606 1 |a Электрические системы  |x Расчет  |2 stltpush  |3 (RuTPU)RU\TPU\subj\27584  |9 51312 
610 1 |a стационарные режимы 
610 1 |a электрические сети 
610 1 |a трансформаторы 
610 1 |a теория преобразований 
610 1 |a нормальные режимы 
610 1 |a контурные уравнения 
610 1 |a мощности 
610 1 |a распределение 
610 1 |a минимальные потери 
610 1 |a решения 
610 1 |a примеры 
675 |a 621.311.001.24  |v 4 
700 1 |a Фазылов  |b Х. Ф.  |g Хасил Фазылович 
712 0 2 |a Академия наук Узбекской ССР (АН УзССР)  |b Институт энергетики  |2 stltpush  |3 (RuTPU)RU\TPU\col\11674 
801 1 |a RU  |b 63413507  |c 20160324 
801 2 |a RU  |b 63413507  |c 20210915  |g RCR 
942 |c BK